000 00745nam a2200217Ia 4500
003 GCL
008 140319s9999 xx 000 0 ara d
020 _a9775040977
040 _aGCL /
_cGCL
082 0 4 _a070.962
_bس ع
100 1 _aسيد بخيت
245 1 0 _aالعمل الصحفى فى مصر :
_bدراسة سسيولوجية للصحفيين المصريين /
_cسيد بخيت
260 _aالقاهرة :
_bالعربى للنشر والتوزيع ،
_c1998
300 _a334 ص ؛
_c25 سم
490 _aدراسات فى الاعلام
_v0
650 0 4 _aالصحافة المصرية
650 0 4 _aالاعلام
650 0 4 _aالصحفيون المصريون
650 0 4 _aحرية الصحافة
942 _2ddc
_cBK
999 _c4865
_d4865